La Situación estratégica de América Latinas. Estados Unidos y la Seguridad Regional /

Salvato in:
Dettagli Bibliografici
Enti autori: Centro Latinoamericano de Defensa y Desarme, Progrma de Estudios Conjuntos de Relaciones Internacionales de América Latina
Natura: testo
Pubblicazione: Santiago: CESOC
Tags: Aggiungi Tag
Nessun Tag, puoi essere il primo ad aggiungerne!!

MARC

LEADER 00000 a a2200000 04500
001 25471
003
040
020 |a 956-211-022-1  
090 |a 151703  
110 |a Centro Latinoamericano de Defensa y Desarme  
245 |a La Situación estratégica de América Latinas. Estados Unidos y la Seguridad Regional /  |c Centro Latinoamericano de Defensa y Desarme  
260 |a Santiago:   |b CESOC  
300 |a 350 p  
710 |a Progrma de Estudios Conjuntos de Relaciones Internacionales de América Latina  
999 |c 10459  |d 10459